[Event "Orlova op 5th"]
[Site "Orlova"]
[Date "2008.05.25"]
[Round "9"]
[White "Srba, Antonin"]
[Black "Cervenka, Roman"]
[Result "1/2-1/2"]
[WhiteElo "1713"]
[BlackElo "1911"]
[PlyCount "176"]
[EventDate "2008.05.17"]
[EventType "swiss"]
[EventRounds "9"]
[EventCountry "CZE"]
[SourceTitle "EXT 2012"]
[Source "ChessBase"]
[SourceDate "2011.11.24"]
[SourceVersion "1"]
[SourceVersionDate "2011.11.24"]
[SourceQuality "1"]

1. e4 e5 2. Nf3 Nc6 3. d4 exd4 4. Nxd4 Nf6 5. Nxc6 bxc6 6. Bd3 d6 7. 0-0 Be7 8. b3 Nd7 9. Bb2 Bf6 10. c3 0-0 11. Nd2 Re8 12. Re1 Ne5 13. Bc2 Bg4 14. f3 Bd7 15. Rc1 Bg5 16. Qe2 Bf4 17. Rcd1 Re6 18. c4 Rh6 19. Nf1 Qg5 20. Bc1 Ng6 21. g3 Bh3 22. Kh1 Bxc1 23. Rxc1 Bxf1 24. Rxf1 Qxg3 25. Qg2 Qf4 26. Rce1 Re8 27. Rg1 Re5 28. Qg3 Reh5 29. Re2 Qf6 30. Qg4 Rh3 31. Rf2 R6h4 32. Qc8+ Nf8 33. Bd1 Qf4 34. Rgg2 g6 35. Qxc7 Qe3 36. Rf1 Ne6 37. Qxd6 Nd4 38. Qb8+ Kg7 39. Qe5+ Kh6 40. f4 Rg3 41. Rxg3 Qxg3 42. Qg5+ Qxg5 43. fxg5+ Kg7 44. Re1 Ne6 45. Rg1 Rxe4 46. Bf3 Re3 47. Bxc6 Re2 48. Rg2 Re1+ 49. Rg1 Re2 50. a4 Nd4 51. Bd5 Nxb3 52. Rf1 Re7 53. h4 Nc5 54. a5 Nb3 55. a6 Nc5 56. Rf6 Ne6 57. Bxe6 Rxe6 58. Rxe6 fxe6 59. Kg2 Kf7 60. Kf3 Ke7 61. Ke4 Kd6 62. Kd4 Kd7 63. Ke5 Ke7 64. c5 Kd7 65. c6+ Kxc6 66. Kxe6 Kb6 67. Kf7 Kxa6 68. Kg7 Kb6 69. Kxh7 a5 70. Kxg6 a4 71. Kf7 a3 72. g6 a2 73. g7 a1Q 74. g8Q Qf1+ 75. Kg7 Qg2+ 76. Kh7 Qh3 77. Qg5 Kc6 78. h5 Kd7 79. h6 Ke8 80. Qf6 Qd7+ 81. Qg7 Qf7 82. Kh8 Qf8+ 83. Qg8 Ke7 84. Kh7 Qf7+ 85. Qg7 Ke8 86. Kh8 Qf8+ 87. Qg8 Ke7 88. h7 Ke8 1/2-1/2